Rozhodnutie v rukách Súdneho dvora EÚ
Vývoj rozhodovacej činnosti v oblasti náhrady nemajetkovej ujmy z povinného zmluvného poistenia zodpovednosti za škodu spôsobenú prevádzkou motorového vozidla.
Enregistré dans:
| Auteur principal: | |
|---|---|
| Format: | Chapitre de livre |
| Langue: | slovaque |
| Sujets: | |
| Tags: |
Pas de tags, Soyez le premier à ajouter un tag!
|
MARC
| LEADER | 00000naa a2200000 4500 | ||
|---|---|---|---|
| 001 | 0165264 | ||
| 005 | 20221104125138.0 | ||
| 041 | 0 | |a slo | |
| 044 | |a SK | ||
| 245 | 1 | 0 | |a Rozhodnutie v rukách Súdneho dvora EÚ |c Martin Petruľák |
| 520 | |a Vývoj rozhodovacej činnosti v oblasti náhrady nemajetkovej ujmy z povinného zmluvného poistenia zodpovednosti za škodu spôsobenú prevádzkou motorového vozidla. | ||
| 610 | 2 | 0 | |a poisťovníctvo |
| 610 | 2 | 0 | |a poisťovne |
| 610 | 2 | 0 | |a zmluvy poistné |
| 610 | 2 | 0 | |a poistenie zodpovednosti za škody |
| 610 | 2 | 0 | |a plnenie poistné |
| 610 | 2 | 0 | |a náhrada poistná |
| 100 | 1 | |a Petruľák, Martin | |